Personajes inmortales de la escena universal (Record no. 140622)

MARC details
000 -LEADER
campo de control de longitud fija 00923nam a2200217 i 4500
001 - NÚMERO DE CONTROL
campo de control 140622
003 - IDENTIFICADOR DE NÚMERO DE CONTROL
campo de control ES-MaACL
005 - FECHA Y HORA DE LA ÚLTIMA TRANSACCIÓN
campo de control 20230906200121.0
008 - DATOS DE LONGITUD FIJA--INFORMACIÓN GENERAL
campo de control de longitud fija 070214s1975 sp a |||| | spa d
245 00 - MENCIÓN DEL TÍTULO
Título Personajes inmortales de la escena universal
Resto del título : seis conferencias en torno al Día Mundial del Teatro : Madrid, 1975.
260 ## - PUBLICACIÓN, DISTRIBUCIÓN, ETC.
Lugar de publicación, distribución, etc. Madrid :
Nombre del editor, distribuidor, etc. Centro Español del Instituto Internacional del Teatro,
Fecha de publicación, distribución, etc. 1975.
300 ## - DESCRIPCIÓN FÍSICA
Extensión 109 p. :
Otras características físicas il. ;
Dimensiones 25 cm.
490 1# - MENCIÓN DE SERIE
Mención de serie Monográfica del Centro Español del Instituto Internacional de Teatro ;
Designación de volumen o secuencia 6
500 ## - NOTA GENERAL
Nota general Índice.
650 #4 - PUNTO DE ACCESO ADICIONAL DE MATERIA--TÉRMINO DE MATERIA
Término de materia o nombre geográfico como elemento de entrada Personajes literarios.
9 (RLIN) 15970
650 #4 - PUNTO DE ACCESO ADICIONAL DE MATERIA--TÉRMINO DE MATERIA
Término de materia o nombre geográfico como elemento de entrada Teatro (Género literario)-
Subdivisión general Historia y crítica.
9 (RLIN) 17365
710 2# - ENTRADA AGREGADA--NOMBRE DE ENTIDAD CORPORATIVA
Nombre de entidad corporativa o nombre de jurisdicción como elemento de entrada Instituto Internacional del Teatro.
Unidad subordinada Centro Español.
9 (RLIN) 2733
830 0# - PUNTO DE ACCESO ADICIONAL DE SERIE-TÍTULO UNIFORME
Título uniforme Monográfica del Centro Español del Instituto Internacional de Teatro ;
Designación de volumen o secuencia 6
9 (RLIN) 220345
852 ## - LOCALIZACIÓN
Ubicación ES-MaACL
Número de control de estantería A-7078
Holdings
Estatus retirado Estado de pérdida Estado de daño No para préstamo Biblioteca de origen Biblioteca actual Ubicación en estantería Fecha de adquisición Fuente de adquisición Total de préstamos Signatura topográfica completa Código de barras Visto por última vez Precio de reemplazo Tipo de ítem Koha
        Biblioteca del Ateneo de Madrid Biblioteca del Ateneo de Madrid Sala Pecera Planta 1 17/01/2008     A-7078 1146333 23/02/2023 23/02/2023 Libro impreso